000 00279nam a22001217a 4500
020 _a9788120346192
082 _a551.49
_bAGA/GR
100 _aAgarwal, V.C
245 _aGroundwater hydrology
260 _aNew Delhi
_bPHI Learning Pvt. Ltd.
_c2012
300 _a360p
942 _cBK
999 _c14037
_d14037